000
00274nam a22001337a 4500
008
180209b xxu||||| |||| 00| 0 eng d
020
_a
9780078228636
041
_a
eng
080
_a
51
100
_a
33
101
_a
mat
245
_a
mathematics
_c
hill
942
_2
udc
_c
BK
999
_c
42229
_d
42229